000 00683nam a22002177a 4500
003 UA-OsUOA
001 63028
007 ta
008 20090916b un ||||| |||| 00| 0 ukr d
100 _aМикитюк І.
090 _a330(477)
_bМ59
942 _cSA
040 _aUA-OsUOA
_bukr
_cUA-OsUOA
_dUA-OsUOA
245 _aКонцептуальні засади побудови єдиної системи державного фінансового контролю
300 _aС.40-48
955 _a0
041 _aukr
080 _a330(477)
773 0 _w63024
_tСвіт фінансів
_dТернопіль
_d2009
_g2
650 7 _a330 Економіка взагалі
_2UDC
999 _c349121
_d349121